000 00739cam a2200241 4500
001 35790
003 BD-RjUL
005 20211209052359.0
008 140509s1969 ilu b 001 0 eng
035 _a(BD-RjUL)35885
040 _aDLC
_cDLC
_dDLC
_beng
041 _aeng
082 0 0 _a320.51
_bCUH V-1 1969
100 1 _aCumming, Robert Denoon,
_d1916-
_9109010
245 1 0 _aHuman nature and history ;
_ba study of the development of liberal political thought /
_nVOLUME ONE
260 _aChicago :
_bUniversity of Chicago Press ;
_c1969
300 _aviii ,352 p. ;
_c24 cm.
504 _aIncludes bibliographical references.
650 0 _aLiberalism.
_9109011
942 _2ddc
_cBK
999 _c35790
_d35790